| 000 | 00407nam a2200157 i 4500 | ||
|---|---|---|---|
| 001 | bg | ||
| 100 | 1 | _aBLUMENTHAL, R. M. | |
| 245 | 0 |
_aMarkov processes and potential theory / _cR.M. Blumenthal , R.K. Getoor. |
|
| 260 |
_aNew York : _bAcademic Press, _c1968. |
||
| 700 | 1 | _aGETOOR, R. K. | |
| 040 | _cBPK | ||
| 041 | _apol | ||
| 080 | _a519.2 | ||
| 942 | _cKS | ||
| 008 | s pl f |000 0 pol | ||
| 999 |
_c11880 _d11880 |
||
| 856 |
_uhttp://koha.tu.koszalin.pl/cgi-bin/koha/opac-detail.pl?biblionumber=11880 _yKatalog online BPK |
||